[Event "BCF-ch Seniors 65"]
[Site "Llandudno"]
[Date "2017.07.30"]
[Round "1"]
[White "Vickery, Jim"]
[Black "Shephard, Chris CW"]
[Result "0-1"]
[WhiteElo "1953"]
[BlackElo "2192"]
[PlyCount "114"]
[EventDate "2017.07.30"]
[EventType "swiss"]
[EventRounds "7"]
[EventCountry "WLS"]
[SourceTitle "CBM 179 Extra"]
[Source "ChessBase"]
[SourceDate "2017.08.23"]
[SourceVersion "1"]
[SourceVersionDate "2017.08.23"]
[SourceQuality "1"]

1. d4 d6 2. c4 Nf6 3. Nc3 Nbd7 4. e4 e5 5. Nf3 c6 6. Be2 g6 7. 0-0 Bg7 8. Re1 0-0 9. Bf1 Re8 10. d5 c5 11. a3 b6 12. b4 Nf8 13. Bd3 Nh5 14. Bc2 Bd7 15. Ba4 Bxa4 16. Qxa4 Nf4 17. bxc5 Nd3 18. Rd1 Nxc5 19. Qc2 Qe7 20. Be3 Rec8 21. Nd2 Nfd7 22. Rdc1 Qf8 23. Na2 Bh6 24. Bxh6 Qxh6 25. Nb4 Rc7 26. a4 Nb7 27. Nc6 Nd8 28. Nxd8 Rxd8 29. Ra3 Rdc8 30. Rh3 Qg5 31. Rg3 Qh6 32. Rh3 Qg5 33. Rg3 Qd8 34. Qa2 Rc5 35. Rb1 R5c7 36. h3 Nc5 37. a5 bxa5 38. Qxa5 Qd7 39. Ra3 Qe7 40. Qc3 Qd7 41. f3 Qe7 42. Qe3 Kg7 43. Rb4 Rb7 44. Rxb7 Qxb7 45. Nb3 Qb6 46. Nxc5 Rxc5 47. Qc3 Rxd5+ 48. Kh2 Rc5 49. Ra4 a5 50. Ra2 Qc7 51. Ra4 d5 52. exd5 Rxd5 53. Qa1 Rc5 54. Qc3 h6 55. Ra3 Kh7 56. Kh1 e4 57. fxe4 Rxc4 0-1

[Event "BCF-chT2 1617 (4NCL) Promotion pool"]
[Site "England"]
[Date "2017.04.29"]
[Round "9.25"]
[White "Shephard, Chris CW"]
[Black "Tebbs, Howard"]
[Result "1-0"]
[WhiteElo "2187"]
[BlackElo "2063"]
[PlyCount "119"]
[EventDate "2016.11.19"]
[EventType "team-tourn"]
[EventRounds "11"]
[EventCountry "ENG"]
[SourceTitle "EXT 2019"]
[Source "ChessBase"]
[SourceDate "2018.10.10"]
[SourceVersion "1"]
[SourceVersionDate "2018.10.10"]
[SourceQuality "1"]
[WhiteTeam "Warwicks Select"]
[BlackTeam "Sussex Martlets"]
[WhiteTeamCountry "ENG"]
[BlackTeamCountry "ENG"]

1. c4 e5 2. Nc3 d6 3. Nf3 f5 4. d4 e4 5. Ng5 Be7 6. Nh3 Nf6 7. e3 0-0 8. Be2 c5 9. Nf4 Nc6 10. 0-0 g5 11. Nfd5 cxd4 12. exd4 Nxd5 13. cxd5 Nb4 14. a3 Nd3 15. Bxd3 exd3 16. f4 g4 17. Qxd3 Bf6 18. Be3 Bd7 19. Rfe1 Qb6 20. Bf2 Qa6 21. Qxa6 bxa6 22. Re6 Bxe6 23. dxe6 Rfe8 24. Re1 Rac8 25. Nd5 Bg7 26. h3 h5 27. Kh2 Rc4 28. b3 Rc2 29. hxg4 hxg4 30. Kg3 Rxf2 31. Kxf2 Bxd4+ 32. Kg3 Kg7 33. Rd1 Bb2 34. Ne3 Rxe6 35. Nxf5+ Kf6 36. Kxg4 Bxa3 37. Rh1 Kf7 38. Rh7+ Kf8 39. Rh8+ Kf7 40. Rh7+ Kf8 41. Rxa7 d5 42. Rd7 Rg6+ 43. Kf3 Rb6 44. Rd8+ Kf7 45. Nd4 Bb2 46. Rxd5 Rb4 47. Ke4 a5 48. g4 Kg6 49. Rd6+ Kf7 50. g5 Ke7 51. Rd5 Kf7 52. f5 Bxd4 53. Rxd4 Rxb3 54. Rd7+ Kf8 55. f6 a4 56. Kf5 Re3 57. Ra7 a3 58. Kg6 Re8 59. Rxa3 Rd8 60. Rh3 1-0

[Event "BCF-chT2d 1516 (4NCL) Demotion pool"]
[Site "England"]
[Date "2016.03.20"]
[Round "8.18"]
[White "Shephard, Chris CW"]
[Black "Starley, Robert"]
[Result "1-0"]
[WhiteElo "2215"]
[BlackElo "1997"]
[PlyCount "109"]
[EventDate "2015.11.14"]
[EventType "team-tourn"]
[EventRounds "4"]
[EventCountry "ENG"]
[SourceTitle "EXT 2017"]
[Source "ChessBase"]
[SourceDate "2016.10.25"]
[SourceVersion "1"]
[SourceVersionDate "2016.10.25"]
[SourceQuality "1"]
[WhiteTeam "Warwicks Select"]
[BlackTeam "Cambridge II"]
[WhiteTeamCountry "ENG"]
[BlackTeamCountry "ENG"]

1. g3 e5 2. c4 Nf6 3. Bg2 d5 4. cxd5 Nxd5 5. Nc3 Be6 6. Nf3 Nc6 7. 0-0 Be7 8. d4 exd4 9. Nb5 0-0 10. Nbxd4 Nxd4 11. Nxd4 Bg4 12. h3 Bc8 13. e4 Nb6 14. Bf4 Bg5 15. Bxg5 Qxg5 16. Qc2 c6 17. Rad1 Bd7 18. Rd2 Rad8 19. Rfd1 Bc8 20. Kh2 Qe7 21. Qc3 Kh8 22. b3 f6 23. Qa5 Qc7 24. Qxa7 Bd7 25. Qa5 Ra8 26. Qc5 Rac8 27. Rc1 Na8 28. Nb5 Qd8 29. Nd6 Rc7 30. Rcd1 b6 31. Qc4 Qe7 32. Qc3 Be6 33. Qe3 c5 34. e5 f5 35. f4 Ra7 36. Nb5 Rd7 37. Rd6 Rxd6 38. Rxd6 Bd7 39. Nc3 Re8 40. Qd3 Be6 41. Nd5 Qf7 42. Qb5 h6 43. Nxb6 Nxb6 44. Qxb6 c4 45. bxc4 Bxc4 46. a4 Rc8 47. a5 Be2 48. a6 Qa2 49. Qf2 Rc7 50. Bd5 Qb2 51. Rd8+ Kh7 52. Bg8+ Kg6 53. Rd6+ Kh5 54. Bh7 g5 55. Bg6# 1-0

[Event "BCF-chT2a 1516 (4NCL)"]
[Site "England"]
[Date "2016.01.24"]
[Round "4.215"]
[White "Shephard, Chris CW"]
[Black "Brett, Andrew"]
[Result "1/2-1/2"]
[WhiteElo "2177"]
[BlackElo "2098"]
[PlyCount "49"]
[EventDate "2015.11.14"]
[EventType "team-tourn"]
[EventRounds "7"]
[EventCountry "ENG"]
[SourceTitle "CBM 170 Extra"]
[Source "ChessBase"]
[SourceDate "2016.02.25"]
[SourceVersion "1"]
[SourceVersionDate "2016.02.25"]
[SourceQuality "1"]
[WhiteTeam "Warwicks Select"]
[BlackTeam "Barbican Youth"]
[WhiteTeamCountry "ENG"]
[BlackTeamCountry "ENG"]

1. c4 e5 2. Nc3 Nf6 3. g3 Bb4 4. Bg2 0-0 5. Nf3 Re8 6. 0-0 e4 7. Nd4 Nc6 8. Nc2 Bxc3 9. dxc3 d6 10. Bg5 h6 11. Bxf6 Qxf6 12. Ne3 Ne5 13. Qd4 Qd8 14. Rad1 Ng4 15. Nxg4 Bxg4 16. f3 exf3 17. exf3 Be6 18. f4 Qc8 19. Rde1 Bd7 20. c5 dxc5 21. Qxc5 c6 22. Qd6 Be6 23. b3 Qd8 24. Qc5 Qb6 25. Qf2 1/2-1/2

[Event "BCF-ch Seniors 50"]
[Site "Coventry"]
[Date "2015.08.06"]
[Round "5"]
[White "Shephard, Chris CW"]
[Black "House, Glenn"]
[Result "1/2-1/2"]
[WhiteElo "2185"]
[BlackElo "2169"]
[PlyCount "82"]
[EventDate "2015.08.02"]
[EventType "swiss"]
[EventRounds "6"]
[EventCountry "ENG"]
[SourceTitle "CBM 167 Extra"]
[Source "ChessBase"]
[SourceDate "2015.09.14"]
[SourceVersion "1"]
[SourceVersionDate "2015.09.14"]
[SourceQuality "1"]

1. c4 e6 2. Nf3 Nf6 3. g3 b6 4. Bg2 Bb7 5. 0-0 c5 6. Nc3 Be7 7. b3 0-0 8. Bb2 d6 9. d4 cxd4 10. Qxd4 a6 11. Rfe1 Qc7 12. e4 Nbd7 13. Qd2 Rfd8 14. Nd4 Bf8 15. Rad1 Rac8 16. Qe2 Re8 17. Qd2 Qb8 18. Re2 Ba8 19. Qe1 g6 20. Ba1 Bb7 21. h3 Ba8 22. Kh2 Bb7 23. Kg1 Ba8 24. Kh2 Bg7 25. Kg1 Qc7 26. Kh2 h5 27. h4 Qb8 28. Kh1 Ng4 29. f3 Ngf6 30. Kh2 Bf8 31. Bh3 Ne5 32. Bg2 Bg7 33. Kh1 Nc6 34. Nxc6 Bxc6 35. Red2 Red8 36. Ne2 b5 37. cxb5 axb5 38. Nd4 Be8 39. Bh3 Bd7 40. Bf1 b4 41. Nc2 Bb5 1/2-1/2